Littéralement tous les lieux de Skyrim - Statistiques

Statistiques générales
  • Ce quiz a été pris 182 fois
  • Le résultat moyen est 39 sur 346
Statistiques - réponses
Hint Réponse % Correct
Blancherive
81%
Solitude
73%
Faillaise
69%
Rivebois
69%
Markarth
66%
Vendeaume
64%
Epervine
63%
Fortdhiver
61%
Aubétoile
57%
Helgen
55%
Morthal
55%
Fort-Dragon
51%
Cap de Pondragon
47%
Pondragon
47%
Fort-Ivar
43%
Palais Bleu
41%
Rorikbourg
41%
Tertre des Chutes Tourmentées
40%
Châtellerie de Fortdhiver Académie de Fortdhiver
38%
Autel d'Azura
32%
Bosquet de Kyne
32%
Haut Hrothgar
31%
Pierre de l'Ombre
31%
Sanctuaire de la Confrérie Noire
30%
Ecuries de Blancherive
28%
Ecuries de Faillaise
28%
Ecuries de Markarth
28%
Ecuries de Vendeaume
28%
Pierre du Destrier
28%
Labyrinthe
27%
Tour de guet de la Brèche
27%
Tour de guet d'Epervine
27%
Tour de guet ouest
27%
Gîte Roncenoir
26%
Pierre-de-Shor
26%
Statue de Méridia
26%
Châtellerie de Haafingar Ambassade du Thalmor
25%
Gorge du Monde
25%
Pierre du Serpent
25%
Palais des Rois
24%
Sanctuaire d'Aubétoile
24%
Sanctuaire de Boéthia
24%
Pierre de l'Amant
23%
Folpertuis
22%
Pierre de l'Atronach
22%
Pierre de l'Apprenti
21%
Saarthal
20%
Autel de Mehrunès Dagon
19%
Camp impérial de Blancherive
18%
Camp impérial de Fortdhiver
18%
Camp impérial de Hjaalmarche
18%
Camp impérial de la Brèche
18%
Camp impérial de la Crevasse
18%
Camp impérial d'Epervine
18%
Camp impérial d'Estemarche
18%
Camp impérial du Clos
18%
Pierre de la Dame
18%
Siège des Rossignols
18%
Sommet du barde
18%
Autel de Péryite
17%
Châtellerie d'Hjaalmarche Cabane abandonnée
17%
Camp des Sombrages de Blancherive
17%
Camp des Sombrages de Fortdhiver
17%
Camp des Sombrages de Hjaalmarche
17%
Camp des Sombrages de la Brèche
17%
Camp des Sombrages de la Crevasse
17%
Camp des Sombrages d'Epervine
17%
Camp des sombrages d'Haafingar
17%
Camp des Sombrages du Clos
17%
Entrepot de la Compagnie de l'Empire oriental
17%
Mine de Rougebraise
17%
Pierre de la Tour
17%
Tombeau d'Ysgramor
17%
Avant-poste de Septimus Signus
16%
Cabane d'Anise
16%
Grotte de la cime
16%
Mzulft
16%
Phare de Solitude
16%
Pierre du Seigneur
16%
Pierres gardiennes
16%
Domaine Lumidor
15%
Gué de Sombreflot
15%
Passe de Sombreflot
15%
Scierie Mi-lune
15%
Alftand
14%
Hydromellerie d'Hydrhonning
14%
Observatoire de la Rivière Blanche
14%
Camp de l'Arbre endormi
13%
Château d'Embruine
13%
Ferme de Pélagia
13%
Grotte du crâne de loup
13%
Refuge de Redoran
13%
Temple d'Havreciel
13%
Camp de la Lune silencieuse
12%
Château de Coeur-de-Roche
12%
Ferme des Guerriers-Nés
12%
Château Volkihar
11%
Fort Amol
11%
Fort de la Garde de l'Aube
11%
Grotte de l'aviron brisé
11%
Grotte oubliée
11%
Mausolée du Crépuscule
11%
Mzinchaleft
11%
Ruines de la route
11%
Scierie d'Anga
11%
Tour de Mzark
11%
Ustengrav
11%
Volskygge
11%
Châtellerie du Clos Auberge de la Porte Nocturne
10%
Cabane de Lund
10%
Cairn des Poussiéreux
10%
Camp de Karthecime
10%
Cisaille
10%
Fosse aveugle
10%
Gibet
10%
Larme de l'orphelin
10%
Le Katariah
10%
Pierre du Rituel
10%
Redoute de l'Aigle Carmin
10%
Rocher orphelin
10%
Ruines de la grande porte
10%
Volunruud
10%
Bastion d'Hurlevent
9%
Cabane de Meeko
9%
Cabane du crabier
9%
Cachette du couteau perdu
9%
Donjon de Nordguet
9%
Folie d'Héla
9%
Fort Gardesol
9%
Fort Hraggstad
9%
Fort Mauriart
9%
Karthecime
9%
Repos du Chasseur
9%
Autel de Volciel
8%
Châtellerie de Blancherive Bassin de Mornevent
8%
Bastion des Vigiles
8%
Cabane de l'Alchimiste
8%
Etang de l'Oeil de Mara
8%
Falaise de Mornevent
8%
Gorge des voleurs
8%
Grotte de la chute d'Hob
8%
Grotte du Croc cassé
8%
Grotte du Scintillant
8%
Korvanjund
8%
Le Sload douillet
8%
Phare d'Hiveronde
8%
Rocher de la Mégère
8%
Sanctuaire de Voilneige
8%
Sanctuaire du Primarbor
8%
Tours scindées
8%
Baiser de Secunda
7%
Bthardamz
7%
Cabane de Froki
7%
Chaumière de Drélas
7%
Ferme de Katla
7%
Ferme Loréius
7%
Fort Dunstad
7%
Grotte du bouffi
7%
Mine de Maingauche
7%
Poste du traître
7%
Prison abandonnée
7%
Ragnvald
7%
Redoute de Druadach
7%
Redoute du saut de Bruca
7%
Répit des morts
7%
Scierie de Solitude
7%
Tertral
7%
Vileserre
7%
Arquebrumes
6%
Cairn du rebelle
6%
Camp d'Angi
6%
Cap de Tréva
6%
Col de la Brisure
6%
Fort Busard
6%
Fort Fiermartel
6%
Gardepins
6%
Grotte de Bronzeflot
6%
Grotte de Vertemousse
6%
Irkngthand
6%
Largashbur
6%
Mine de Kolskeggr
6%
Mont Anthor
6%
Mor Khazgur
6%
Narzulbur
6%
Ombrenoire
6%
Orotheim
6%
Raldbthar
6%
Redoute de Noirbois
6%
Refuge du menteur
6%
Tertre d'Yngol
6%
Tour Clair-Obscur
6%
Vieux-Hroldan
6%
Vif de Rannveig
6%
Châtellerie d'Epervine Abysse d'Ilinalta
5%
Châtellerie de la Brèche Angarvunde
5%
Châtellerie d'Estemarche Ansilvund
5%
Antre de Durechute
5%
Avanchnzel
5%
Château de Clairlande
5%
Coven de Glenmoril
5%
Dent de Faldar
5%
Epave du Brise-glace
5%
Falaise du Tertre Pierreux
5%
Ferme de l'Allégresse
5%
Ferme de Sillonfrais
5%
Folgunthur
5%
Fort Kastav
5%
Fort Néograd
5%
Grotte de Merleau
5%
Honte d'Haemar
5%
Morostel
5%
Perchoir du corbeau
5%
Pic du mistral
5%
Pierres de Weynon
5%
Recoin du voyageur
5%
Rivepure
5%
Rocher d'Eaulointaine
5%
Ruines de Primortis
5%
Scierie de Méliflot
5%
Tanière de l'Escroc
5%
Tour de Blanchevue
5%
Trône sanglant
5%
Valkygg perdu
5%
Châtellerie de la Crevasse Aire d'Âprevent
4%
Ascension des anciens
4%
Bosquet de Sorbrume
4%
Bosquet du Géant
4%
Bosquet immortel
4%
Bosquet Voilé
4%
Cabane de la rive
4%
Camp de Neigemont
4%
Camp du cours dormant
4%
Cap de Yorgrim
4%
Col de Cascadarche
4%
Côte de Bourberoc
4%
Creux du casque brisé
4%
Cristal de Stendarr
4%
Croisement de Gentfond
4%
Crypte de Givrelac
4%
Demeure de Geirmund
4%
Doline de Soljund
4%
Donjon de Vertesource
4%
Dushnikh Yal
4%
Epave du Frappe-flots
4%
Epave du Guerroyeur
4%
Etang de Pinclair
4%
Ferme Brandevin
4%
Ferme Chausseneige
4%
Ferme des baies de givre
4%
Ferme Hlaalu
4%
Ferme Salvius
4%
Ferme Saréthi
4%
Fissure d'Aubéclaire
4%
Folie de Japhet
4%
Forelhost
4%
Fort Tiremuraille
4%
Gorge de Scindepierre
4%
Grotte de Brisejambe
4%
Grotte de l'écho perdu
4%
Grotte de Longmur
4%
Grotte de Rocaxe
4%
Grotte de Rochebrune
4%
Grotte de Sombrejade
4%
Grotte de Ternefond
4%
Grotte du cap aveugle
4%
Grotte du mort-né
4%
Guet des quatre crânes
4%
Harmugstahl
4%
La mine perdue
4%
Mine de Bilegulch
4%
Mine de Sifflote
4%
Monument de Gjukar
4%
Mornhiver
4%
Morvunskar
4%
Pic d'Antésang
4%
Redoute de la Falaise au Serpent
4%
Redoute de la Tour brisée
4%
Redoute de la vallée perdue
4%
Redoute de Sorceroc
4%
Repaire de Brisargent
4%
Repaire de Ferdos
4%
Repaire de Morvath
4%
Repos d'Hamvir
4%
Rocher de Guldun
4%
Ruines de Folvent
4%
Ruines de Kjenstag
4%
Ruines du temple céleste
4%
Sanctuaire de Méridion
4%
Tanière de Rimeroc
4%
Temple de Sorguevoix
4%
Tombeau d'Hillgrund
4%
Tour d'Automnelle
4%
Tour de Givrepin
4%
Tour de Shor
4%
Tour d'Ombrepic
4%
Tours de Valtheim
4%
Tréfonds d'Âprebise
4%
Trêve du Blizzard
4%
Valthume
4%
Yngvild
4%
Camp de la pierre parlante
3%
Camp de Soufflecrevasse
3%
Cap Célestal
3%
Clairière de Vendombre
3%
Col de Gelroche
3%
Col de la route rouge
3%
Col de l'inconstance
3%
Cratère Dent-de-Dragon
3%
Crête de l'ossuaire
3%
Fort de Casscorne
3%
Fossé du Pèlerin
3%
Grotte de Brinectar
3%
Grotte de Cristalis
3%
Grotte de Cronvangr
3%
Grotte de la crique pierreuse
3%
Grotte de Mornecôte
3%
Kagrenzel
3%
Lac de Belsource
3%
Mine de Vaseroc
3%
Pointe d'Arquevent
3%
Refuge de Pénombris
3%
Repaire de la falaise
3%
Ruines de Bthalft
3%
Ruines du cap de la veuve
3%
Ruines moisies
3%
Tertre de Ferlié
3%
Tour de Brumaille
3%
Tour de Rocharceau
3%
Cairn de Halldir
2%
Camp du bras cassé
2%
Cap de Languemorte
2%
Crête de Tranchelame
2%
Grotte de l'Avalanche
2%
Epave de la Fierté de Tel Vos
2%
Grotte de Griseau
2%
Grotte de Montpin
2%
Grotte des collines murmurantes
2%
Grotte de Tolvald
2%
Mine de Dévinoir
2%
Mine du mistral
2%
Nilheim
2%
Passage d'Osfroid
2%
Répit des réfugiés
2%
Rocher de Berceroc
2%
Ruines de Rkund
2%
Scierie de Coeur-Bois
2%
Aucun quiz correspondant
Distribution des résultats
% des personnes avec chaque résultat
Percentile par nombre de réponses
Votre historique - résultats
Vous n’avez pas pris ce quiz